| 000 | 00596nam a22001937a 4500 | ||
|---|---|---|---|
| 999 |
_c6521 _d6521 |
||
| 003 | GBCCL | ||
| 005 | 20241126110605.0 | ||
| 008 | 180517b ||||| |||| 00| 0 eng d | ||
| 040 | _cgbc | ||
| 082 |
_a224.007 _bTAF |
||
| 110 |
_aTAFTEE _911560 |
||
| 245 | _aAn introduction to the Prophets | ||
| 250 | _a2nd ed. (DTP) | ||
| 260 |
_aBangalore: _bTAFTEE, _c1996 |
||
| 300 |
_a384 p.; _bill., _c29 cm. |
||
| 500 | _aA degree level course of the Association for Theological Education by Extension, India | ||
| 650 |
_aBible _vOld testaments _xProphets _xStudy and teaching _911673 |
||
| 942 |
_2ddc _cBK _02 |
||